000 00403pab a2200157 454500
008 180718b2013 xxu||||| |||| 00| 0 eng d
100 _aKjaer, Ulrik
245 _aLocal political leadership: Art of circulating political capital
260 _c2013
300 _ap.253-272.
362 _aApr
650 _aPolitical leadership
773 _aLocal Government Studies
908 _aN
909 _a99724
999 _c99723
_d99723